| 000 | 01257nam a2200349 i 4500 | ||
|---|---|---|---|
| 001 | 000012989 | ||
| 003 | DO-SdBNP | ||
| 005 | 20250717074015.0 | ||
| 007 | ta | ||
| 008 | 091119t1996 dr r 001 j spa d | ||
| 040 |
_aDO-SdBNP _bspa _cBNPHU _erda |
||
| 041 | _hspa | ||
| 082 | 4 |
_aRD863.44 _bR696r _222 |
|
| 100 | 1 |
_aRodríguez Soriano, René, _d1950- _eautor _4aut. _9232 |
|
| 245 | 1 | 3 |
_aLa radio y otros boleros / _cRené Rodríguez Soriano ; edición, Jairo Rodríguez. |
| 264 | 4 |
_aSanto Domingo : _bBiblioteca Nacional Pedro Henríquez Ureña (BNPHU), _c©1996. |
|
| 300 |
_a116 páginas ; _c22 cm. |
||
| 336 |
_atexto _btxt _2rdacontent |
||
| 337 |
_asin mediación _bn _2rdamedia |
||
| 338 |
_avolumen _bnc _2rdacarrier |
||
| 490 | 1 | _aColección Orfeo (2da. Etapa) | |
| 490 | 1 |
_aSerie Cuento _v1 |
|
| 500 | _aIncluye datos biográficos del autor en las solapas. | ||
| 590 | _aInventariado, 2018/BT | ||
| 650 | 4 |
_aCuentos dominicanos _9176 |
|
| 650 | 4 |
_aLiteratura dominicana. _967 |
|
| 700 | 1 |
_aRodríguez, Jairo, _deditor _4ed. _929960 |
|
| 710 | 2 |
_aBiblioteca Nacional Pedro Henríquez Ureña _981292 |
|
| 830 | 0 |
_aColección Orfeo (2da. Etapa) ; _929961 _n1 _pSerie Cuento |
|
| 910 | _aValidado. Control de calidad. EMS | ||
| 942 |
_2ddc _cLBS1 |
||
| 999 |
_c12636 _d12636 |
||